Sports Quiz

Random Sports or Country Quiz

Summer Medal Countries Quiz Stats

 Plays Quiz Updated Feb 25, 2019

Score 0/37 Timer 06:00
0 Plays Today
Total Summer Medals Country % Correct
127Brazil
87.8%
66Mexico
82.9%
88South Africa
82.2%
74Argentina
81.6%
78Jamaica
79.9%
27Egypt
77%
28India
75%
100Kenya
74.2%
13Chile
72.2%
213Cuba
68.1%
68Iran
64.8%
27Colombia
61.7%
53Ethiopia
61.2%
24Nigeria
59.1%
10Pakistan
58.3%
23Morocco
58%
95Turkey
57.1%
153Greece
56.1%
15Venezuela
55.9%
Total Summer Medals Country % Correct
30Indonesia
52.4%
17Algeria
51.2%
10Uruguay
51%
24Portugal
49.5%
30Thailand
45.4%
13Tunisia
39.6%
11Malaysia
38.6%
14Bahamas
37.2%
10Philippines
34.9%
19Trinidad & Tobago
31%
33Ireland
30%
24Taiwan (Chinese Taipei)
24.9%
26Mongolia
23.1%
15Serbia
22.5%
32Georgia
17.1%
16Armenia
16.9%
44Azerbaijan
14%
25Lithuania
8.2%

You're not logged in!

Compare scores with friends on all Sporcle quizzes.
OR
Log In

Sporcle TV

Today on Sporcle TV


Watch our educational content, quiz creation guides, and fun videos on Sporcle TV.

Show Comments

Extras

Top Quizzes Today


Score Distribution

Your Account Isn't Verified!

In order to create a playlist on Sporcle, you need to verify the email address you used during registration. Go to your Sporcle Settings to finish the process.

Report this User

Report this user for behavior that violates our Community Guidelines.

Details: